Model business latters /

Bibliographic Details
Main Author: IBRAHIM Ismail, 1924-
Format: Book
Published: Kuala Lumpur: Golden Books Centre, 2000.
Subjects:
LEADER 00728cam a2200253 7i4500
001 0000061172
005 20151104090000.0
005 ##20151104183000.0
003 ##MY-KlINT
020 # # |a 9837204435  
039 # 9 |y 201511041830  |z VLOAD 
090 0 0 |a 651.75 IBR  
100 1 # |a IBRAHIM Ismail, 1924- 
245 1 0 |a Model business latters /   |c Ibrahim Ismail. 
260 # # |a Kuala Lumpur:   |b Golden Books Centre,   |c 2000. 
300 # # |a xii, 245 p.; 24cm. 
650 # 0 |a Letter-writing  
650 # 0 |a Commercial correspondence  
650 # 0 |a Form letters  
996 |a ikwas2005.out 
997 |a 2002/257 
997 |a 3000109227  |b IKWS  |c MNF  |d BOK 
998 |a 0000008121 
999 |a 3000109227  |b BOOK  |c Main Non-Fiction  |e INTAN Kampus Wilayah Selatan